000 00675nam a22002057a 4500
999 _c17848
_d17848
003 OSt
005 20230120145532.0
008 230120b ||||| |||| 00| 0 eng d
040 _c0
082 _aDPer 370.5 M720 June - December 2017 v66 no. 1-7
100 _aIgnacio, Harris T.
_eauthor.
_947439
245 _aAng kasaysayan lokal :
_bpaano ito isulat? /
_cHarris T. Ignacio
260 _aPhilippines :
_bPapi Publishers, Inc.,
_cSeptember 2017.
300 _avolume 66, pages 150-151.
650 _aDocumentary.
_947440
650 _aWriting.
_947441
650 _aPhilippines-History.
_947442
700 _aIgnacio, Harris T.
_eauthor.
_947439
942 _2ddc
_cPER